Who are the top scoring player from each team NBA 2022? - Statistics

General Stats
  • This quiz has been taken 37 times
  • The average score is 27 of 30
Answer Stats
Hint Players PPG % Correct
Lakers LeBron James 30.3
100%
Warriors Stephen Curry 25.5
100%
Trailblazers Damian Lillard 24.0
97%
Bulls DeMar DeRozan 27.9
97%
Suns Devin Booker 26.8
97%
Jazz Donovan Mitchell 25.9
97%
Bucks Giannis Antetokounmpo 29.9
97%
Grizzlies Ja Morant 27.4
97%
Celtics Jayson Tatum 26.9
97%
Heat Jimmy Butler 21.4
97%
76ers Joel Embiid 30.6
97%
Timberwolves Karl-Anthony Towns 24.6
97%
Mavericks Luka Doncic 28.4
97%
Nuggets Nikola Jokic 27.1
97%
Clippers Paul George 24.3
97%
Hawks Trae Young 28.4
97%
Nets Kevin Durant 29.9
94%
Thunder Shai Gilgeous-Alexander 24.5
94%
Wizards Bradley Beal 23.2
91%
Pelicans Brandon Ingram 22.7
91%
Kings De'Aaron Fox 23.2
91%
Raptors Pascal Siakam 22.8
91%
Cavaliers Darius Garland 21.7
88%
Spurs Dejounte Murray 21.1
82%
Knicks Julius Randle 20.1
82%
Hornets Miles Bridges 20.2
71%
Magic Cole Anthony 16.3
62%
Rockets Christian Wood 17.9
56%
Pistons Jerami Grant 19.2
53%
Pacers Malcolm Brogdon 19.1
50%
No matching quizzes found
Score Distribution
Percent of People with Each Score
Percentile by Number Answered
Your Score History
You have not taken this quiz